Employment law in practice / (Record no. 5191)
[ view plain ]
| 000 -LEADER | |
|---|---|
| fixed length control field | 02381cam a2200517Mi 4500 |
| 001 - CONTROL NUMBER | |
| control field | ocn875660062 |
| 003 - CONTROL NUMBER IDENTIFIER | |
| control field | OCoLC |
| 005 - DATE AND TIME OF LATEST TRANSACTION | |
| control field | 20190912153923.0 |
| 008 - FIXED-LENGTH DATA ELEMENTS--GENERAL INFORMATION | |
| fixed length control field | 140109t20142014enka 001 0 eng d |
| 040 ## - CATALOGING SOURCE | |
| Original cataloging agency | StDuBDS |
| Language of cataloging | eng |
| Description conventions | rda |
| Transcribing agency | CUD |
| Modifying agency | OCLCO |
| -- | EUX |
| -- | OCLCF |
| -- | OCLCO |
| -- | BDX |
| -- | OCLCQ |
| -- | UKUOY |
| -- | AEHBU |
| -- | UKNRU |
| -- | OCLCQ |
| 015 ## - NATIONAL BIBLIOGRAPHY NUMBER | |
| National bibliography number | GBB407933 |
| Source | bnb |
| 015 ## - NATIONAL BIBLIOGRAPHY NUMBER | |
| National bibliography number | GBB1B5440 |
| Source | bnb |
| 019 ## - | |
| -- | 1083516423 |
| 020 ## - INTERNATIONAL STANDARD BOOK NUMBER | |
| International Standard Book Number | 9780199686896 |
| Qualifying information | (pbk.) |
| 020 ## - INTERNATIONAL STANDARD BOOK NUMBER | |
| International Standard Book Number | 0199686890 |
| Qualifying information | (pbk.) |
| 035 ## - SYSTEM CONTROL NUMBER | |
| System control number | (OCoLC)875660062 |
| Canceled/invalid control number | (OCoLC)1083516423 |
| 043 ## - GEOGRAPHIC AREA CODE | |
| Geographic area code | e-uk--- |
| 050 14 - LIBRARY OF CONGRESS CALL NUMBER | |
| Classification number | KD3096 |
| Item number | .D86 2014 |
| 082 04 - DEWEY DECIMAL CLASSIFICATION NUMBER | |
| Classification number | 344.4101 |
| Edition number | 23 |
| 049 ## - LOCAL HOLDINGS (OCLC) | |
| Holding library | TZAA |
| 100 1# - MAIN ENTRY--PERSONAL NAME | |
| Personal name | Duncan, Nigel, |
| Relator term | author. |
| 245 10 - TITLE STATEMENT | |
| Title | Employment law in practice / |
| Statement of responsibility, etc | Authors, Nigel Duncan, Professor of Legal Education, the City Law School, Jennifer Eady, QC, Barrister, Inner Temple, Peter Hungerford-Welch, Barrister, Assistant Dean, the City Law School, Snigdha Nag, Barrister, Senior Lecturer, the City Law School, John Sprack, Employment Judge, former Reader, ICSL ; Editor, Nigel Duncan, Professor of Legal Education, the City Law School ; Series Editor, Julie Browne, Barrister, Senior Lecturer, the City Law School. |
| 250 ## - EDITION STATEMENT | |
| Edition statement | 11th edition. |
| 264 #1 - | |
| -- | Oxford, United Kingdom : |
| -- | Oxford University Press, |
| -- | 2014. |
| 264 #4 - | |
| -- | �2014 |
| 300 ## - PHYSICAL DESCRIPTION | |
| Extent | xxix, 335 pages : |
| Other physical details | illustrations ; |
| Dimensions | 30 cm |
| 336 ## - | |
| -- | text |
| -- | txt |
| -- | rdacontent |
| 337 ## - | |
| -- | unmediated |
| -- | n |
| -- | rdamedia |
| 338 ## - | |
| -- | volume |
| -- | nc |
| -- | rdacarrier |
| 490 0# - SERIES STATEMENT | |
| Series statement | Bar manuals series |
| 500 ## - GENERAL NOTE | |
| General note | The City Law School, City University London. |
| 500 ## - GENERAL NOTE | |
| General note | Previous edition: 2012. |
| 500 ## - GENERAL NOTE | |
| General note | Includes index. |
| 583 1# - ACTION NOTE | |
| Action | Self-Renewing |
| Time/date of action | 2017 |
| Institution to which field applies | UoY |
| 520 ## - SUMMARY, ETC. | |
| Summary, etc | Employment Law in Practice provides readers with a thorough grounding in substantive law and employment tribunal procedure, as well as an opportunity to develop legal skills through numerous worked examples and sample documentation. |
| 650 #0 - SUBJECT ADDED ENTRY--TOPICAL TERM | |
| Topical term or geographic name as entry element | Labor laws and legislation |
| Geographic subdivision | Great Britain. |
| 650 #7 - SUBJECT ADDED ENTRY--TOPICAL TERM | |
| Topical term or geographic name as entry element | Labor laws and legislation. |
| Source of heading or term | fast |
| -- | (OCoLC)fst00989967 |
| 651 #7 - SUBJECT ADDED ENTRY--GEOGRAPHIC NAME | |
| Geographic name | Great Britain. |
| Source of heading or term | fast |
| -- | (OCoLC)fst01204623 |
| 700 1# - ADDED ENTRY--PERSONAL NAME | |
| Personal name | Eady, Jennifer, |
| Relator term | author. |
| 700 1# - ADDED ENTRY--PERSONAL NAME | |
| Personal name | Hungerford-Welch, Peter, |
| Relator term | author. |
| 700 1# - ADDED ENTRY--PERSONAL NAME | |
| Personal name | Nag, Snigdha, |
| Relator term | author. |
| 700 1# - ADDED ENTRY--PERSONAL NAME | |
| Personal name | Sprack, John, |
| Relator term | author. |
| 710 2# - ADDED ENTRY--CORPORATE NAME | |
| Corporate name or jurisdiction name as entry element | City Law School (London, England) |
| 938 ## - | |
| -- | Brodart |
| -- | BROD |
| -- | 108859770 |
| 994 ## - | |
| -- | C0 |
| -- | TZACH |
No items available.
